Một người Mỹ trầm lặng = Un Américain bien tranquille

Salvato in:
Dettagli Bibliografici
Autore principale: Graham Green
Natura: Libro
Lingua:Undetermined
Pubblicazione: Hà Nội Hội nhà văn 1984
Soggetti:
Tags: Aggiungi Tag
Nessun Tag, puoi essere il primo ad aggiungerne! !
Thư viện lưu trữ: Trung tâm Học liệu Trường Đại học Cần Thơ
LEADER 00546nam a2200181Ia 4500
001 CTU_11227
008 210402s9999 xx 000 0 und d
082 |a 823.914 
082 |b G794 
100 |a Graham Green 
245 0 |a Một người Mỹ trầm lặng 
245 0 |b = Un Américain bien tranquille 
245 0 |c Graham Green, Vũ Quốc Uy 
260 |a Hà Nội 
260 |b Hội nhà văn 
260 |c 1984 
650 |a english fiction - 20th century 
980 |a Trung tâm Học liệu Trường Đại học Cần Thơ